BERSATU TEGUH / (Record no. 180009)

MARC details
000 -LEADER
fixed length control field 00878nam a22002777ia4500
005 - DATE AND TIME OF LATEST TRANSACTION
control field 20201119122834.0
008 - FIXED-LENGTH DATA ELEMENTS--GENERAL INFORMATION
fixed length control field 201119s2002 my a|||b |||| 00| 1 may d
020 ## - INTERNATIONAL STANDARD BOOK NUMBER
International Standard Book Number 9789679913477
Terms of availability RM10.00 (Harga Denda)
Qualifying information paperback
040 ## - CATALOGING SOURCE
Original cataloging agency PPAK
Language of cataloging eng
Transcribing agency PPAK
Description conventions rda
082 04 - DEWEY DECIMAL CLASSIFICATION NUMBER
Edition number 23
Classification number 499.2386
090 00 - LOCALLY ASSIGNED LC-TYPE CALL NUMBER (OCLC); LOCAL CALL NUMBER (RLIN)
Classification number (OCLC) (R) ; Classification number, CALL (RLIN) (NR) 499.2386
Feature heading BER
Feature heading K
245 00 - TITLE STATEMENT
Title BERSATU TEGUH /
Statement of responsibility, etc. Penyusun ANIS
250 ## - EDITION STATEMENT
Edition statement Edisi 2002
264 #1 - PRODUCTION, PUBLICATION, DISTRIBUTION, MANUFACTURE, AND COPYRIGHT NOTICE
Place of production, publication, distribution, manufacture Kuala Lumpur :
Name of producer, publisher, distributor, manufacturer Penerbitan Generasi Baru,
Date of production, publication, distribution, manufacture, or copyright notice 2002
300 ## - PHYSICAL DESCRIPTION
Extent [16 pages] :
Other physical details colour illustrations,
Dimensions 26 cm
336 ## - CONTENT TYPE
Source rdacontent
Content type term text
337 ## - MEDIA TYPE
Source rdamedia
Media type term unmediated
338 ## - CARRIER TYPE
Source rdacarrier
Carrier type term volume
490 1# - SERIES STATEMENT
Series statement SIRI CERITA NASIHAT
500 ## - GENERAL NOTE
General note Includes questions and exercises.
650 10 - SUBJECT ADDED ENTRY--TOPICAL TERM
Topical term or geographic name entry element Malay language
Form subdivision Readers
-- Fiction
Topical term or geographic name entry element Children's stories, Malay
700 0# - ADDED ENTRY--PERSONAL NAME
Personal name Anis,
Relator term compiler.
830 #0 - SERIES ADDED ENTRY--UNIFORM TITLE
Uniform title Siri cerita nasihat
942 ## - ADDED ENTRY ELEMENTS (KOHA)
Source of classification or shelving scheme Dewey Decimal Classification
Koha item type Book
Holdings
Withdrawn Not for loan Current library Shelving location Date acquired Full call number Barcode Date last seen Koha item type
    Perpustakaan Alor Setar Pinjaman Kanak-kanak 25/11/2020 K 499.2386 BER A00739805 25/11/2020 Book